000 00893nam a22002177a 4500
005 20120430121554.0
010 _a
020 _a8171192645
_c250.00
035 _aA-927097
037 _bPUB
082 _a420
100 _aकपूर, बदरीनाथ
_946043
245 _aआधुनिक हिंदी प्रयोग कोश /
_cबदरीनाथ कपूर
260 _aनई दिल्ली
_bराधाकृष्ण प्रकाशन
_c1997
270 _a
_b
_e
_k
300 _a268पृ.
_c22सेमी (सजिल्द)
650 _aहिन्दी भाषा
_xव्याकरण
_946044
700 _aकौशिक, ओमप्रकाश
_945986
942 _2ddc
_cHN
_mकपूर
_h420
999 _c65818
_d65818